Score 0/20 Timer 04:00
0 Plays Today
Clue Answer % Correct
Fast food restaurantMcDonald's
98.6%
Shakespeare's 'Scottish Play'MacBeth
95.9%
Beatles memberPaul McCartney
95.9%
'Back to the Future' protagonistMarty McFly
93.2%
Knighted actor who starred as GandalfIan McKellen
87.8%
Apple computerMacintosh
87.8%
Country singer married to Faith HillTim McGraw
86.5%
Maverick politician who ran against Obama in 2008John McCain
86.5%
'Die Hard' protagonistJohn McClane
86.5%
Actor who starred in 'Trainspotting' and 'Moulin Rouge!'Ewan McGregor
83.8%
Clue Answer % Correct
Former name of DenaliMount McKinley
82.4%
The genuine articleThe Real McCoy
81.1%
Australian supermodel called 'The Body'Elle Macpherson
79.7%
British Formula One teamMcLaren
73%
Montreal universityMcGill
73%
Bridge between Michigan's two peninsulasMackinac Bridge
44.6%
Opinionated tennis player ranked #1 in the early 1980sJohn McEnroe
32.4%
1950s senator who led anti-communist witch huntsJoseph McCarthy
25.7%
WWII and Korean War generalDouglas MacArthur
23%
Oklahoma City bomberTimothy McVeigh
21.6%
Remove Ads.
Support Sporcle.
Get the best of Sporcle when you Go Orange. This ad-free experience offers more features, more stats, and more fun while also helping to support Sporcle. Thank you for becoming a member.

You're not logged in!

Compare scores with friends on all Sporcle quizzes.
OR
Log In

Show Comments

Extras

Created Oct 2, 2019ReportNominate
Tags:Famous Quiz, mac, mcs, start

Top Quizzes Today


Score Distribution

Your Account Isn't Verified!

In order to create a playlist on Sporcle, you need to verify the email address you used during registration. Go to your Sporcle Settings to finish the process.

Report this User

Report this user for behavior that violates our Community Guidelines.

Details: